000
00341nam a22001457a 4500
008
221212b ||||| |||| 00| 0 eng d
020
_a
978030786150
041
_a
eng
080
_a
159.9
082
_a
159.9MUS
100
_a
25
101
_a
PSI
245
_a
TRENDS AND ISSUES IN DEVELOPMENTAL PSYCHOLOGY
_c
MUSSEN.H.P
942
_2
udc
_c
BK
999
_c
59166
_d
59166